Every Minecraft Death Message - Statistics

General Stats
  • This quiz has been taken 11 times
  • The average score is 3 of 78
Answer Stats
How It Happens Answer % Correct
Runs out of air underwater Drowned
86%
Killed by greater than a 5 block fall Fell from a high place
43%
Killed by TNT activated from a redstone machine, fire, dispensed out of a dispenser,an end crystal triggered by the dragon re-summoning sequence, or a TNT minecart That wasn't triggered by a player or mob Blew up
29%
Killed in lava Tried to swim in lava
29%
Killed by the Wither status effect Withered away
29%
Hurt by a player or mob than runs out of air underwater Drowned while trying to escape
14%
Killed by falling after being on a ladder Fell off a ladder
14%
Killed because their hunger bar was at zero Starved to death
14%
Killed because they were inside of a non-transparent block Suffocated in a wall
14%
Killed by cactus Was pricked to death
14%
Killed while being on fire but not in a fire source block Burned to death
0%
Hurt by player or mob then killed by the void Didn't want to live in the same world as Player or Mob
0%
Killed by standing on a magma block Discovered the floor was lava
0%
Runs into a wall with an elytra Experienced kenetic energy
0%
Hurt by player or mob than runs into a wall with an elytra Experienced kenetic energy while trying to escape
0%
Killed by falling after being on scaffolding Fell off scaffolding
0%
Killed by falling after being on a twisting vine Fell off some twisting vines
0%
Killed by falling after being on a vine Fell off some vines
0%
Killed by falling after being on a weeping vine Fell off some weeping vines
0%
Killed by being 64 blocks below with the lowest point where blocks can be placed Fell out of the world
0%
Killed by falling after being on a clickable block that is not one of the aforementioned ones(cave vines) Fell while climbing
0%
Killed in powdered snow Froze to death
0%
Killed by less than a 5 block fall ender pearl damage or while riding an entity that died due to fall damage Hit the ground too hard
0%
Same as above except the player was hurt by another player or mob beforehand Hit the ground too hard while trying to escape
0%
Killed by being outside of the world border Left the confines of this world
0%
Hurt by player or mob then killed by being outside of the world border Left the confines of this world while fighting
0%
Hurt by a player or mob then killed by hunger damage Starved to death while fighting
0%
Hurt by player or Bob then killed because they were inside of a non-transparent block Suffocated in a wall while fighting
0%
Hurt by a player or mob then killed in lava Tried to swim in lava to escape
0%
Hurt by a player or mob then killed by cactus Walked into a Cactus while trying to escape
0%
Hurt by a player or mob then killed by a fire source block Walked into fire while fighting
0%
Hurt by a player or mob and then killed by standing on a magma block Walked into the danger zone due to Player or Mob
0%
Killed by a mob that exploded, by TNT activated by a player or mob,by using flint and steel or a fire charge or a arrow that is on fire to light the block, by the explosion of an end crystal triggered by any entity, by the explosion of a TNT Minecart triggered by a player shooting with an arrow that is on fire, Or by the explosion of a fireball or a Wither skull shot from a player or Was blown up by Player or Mob
0%
Same as above unless the player or mob is holding a renamed item Was blown up by Player or Mob using item
0%
Hurt by a player or mob then killed by being on fire but not in a fire source block Was burned to a crisp while fighting
0%
Takes environmental damage than dies to greater than a 5 block fall Was doomed to fall
0%
Takes any damage caused by an entity than dies to greater than a 5 block fall Was doomed to fall by Player or Mob
0%
Takes any damage directly or indirectly by a player holding a renamed item than dies to greater than a 5 block fall Was doomed to fall by Player or Mob using item
0%
Killed by a fireball Was fireballed by Player or Mob
0%
Killed by a fireball shot from player or mob that was holding a renamed item Was fireballed by Player or Mob using item
0%
Hurt by a player or mob then dies to freezing damage Was frozen to death by Player or Mob
0%
Killed by a trident Was impaled by Player or Mob
0%
Killed by a trident shot from a player or mob that was holding a renamed item Was impaled by Player or Mob with item
0%
Falls on a Stalagmite and dies Was impaled on a Stalagmite
0%
Gets hurt by a player or mob than falls on a Stalagmite and dies Was impaled on a Stalagmite while fighting
0%
By a bed exploding in the nether or end or a respawns anchor exploding in the end or the overworld Was killed by intentional game design
0%
Killed by hurting a guardian or elder guardian or a player or mob holding a renamed itemand armor with thorns enchantment Was killed by item while trying to hurt
0%
Hurt by a player or mob then killed with instant damage or evoke fangthat didn't originate from a player or mob Was killed by magic while trying to escape
0%
Killed by one of the aforementioned ways but the killer is holding a renamed item Was killed by Player or Mob using item
0%
Killed by a person or Arrow of harming shot by a player or mob,killed with a evoker fang summoned by an evoker, or by a guardian or Elder Guardian's laser Was killed by Player or Mob using magic
0%
Killed by hurting a guardian, an elder guardian, or a player or mob wearing an armor with thorns enchantment Was killed while trying to hurt
0%
Killed by a warden using its sonic boom Was obliterated by a sonically-charged shriek
0%
Killed by a warden holding a renamed item while using it's sonic boom Was obliterated by a sonically-charged shriek while trying to escape
0%
Killed by a sweet berry bush Was poked to death by a sweet berry bush
0%
Hurt by a player or mob then killed by a sweet berry bush Was poked to death by a sweet berry bush while trying to escape
0%
Killed by a Wither skull shot from a player or mob Was shot by a skull from Player or Mob
0%
Killed by a wither skull shot from a player or mob holding a renamed item Was shot by a skull from Player or Mob using item
0%
Killed by player or mob using a bow or crossbow Was shot by Player or Mob
0%
Killed by a player or mob using a renamed bow or crossbow Was shot by Player or Mob using item
0%
Killed by a falling Stalactite Was skewered by a Stalactite
0%
Killed by a mob Was slain by mob
0%
Killed by a player Was slain by Player
0%
Killed by player or mob holding a renamed item Was slain by Player or Mob using item
0%
Killed by a mace attack Was smashed by Player or Mob
0%
Killed by a player or mob holding a renamed mace Was smashed by Player or Mob using item
0%
Killed by a spear Was speared by Player or Mob
0%
Killed by a player or mob holding a renamed spear Was speared by Player or Mob using item
0%
Killed by a anvil falling on their head Was squashed by a falling anvil
0%
Hurt by player or mob then killed by the maxEntityCramming gamerule Was squashed by Player or Mob
0%
Killed by the maxEntityCramming gamerule Was squished too much
0%
Killed by a lightning bolt Was struck by lightning
0%
Hurt by a player or mob then killed by a lightning bolt Was struck by lightning while fighting
0%
Killed by a bee Was stung to death
0%
Killed by a bee holding a renamed item Was stung to death by Player or Mob using item
0%
Killed by the explosion of a firework rocket Went off with a bang
0%
Killed by the explosion of a firework rocket shot by a player or mob holding a renamed item Went off with a bang due to a firework fired from item by Player or Mob
0%
Killed because they were in a fire source block Went up in flames
0%
Hurt by a player or mob then killed by the Wither status effect Withered away while fighting
0%
No matching quizzes found
Score Distribution
Percent of People with Each Score
Percentile by Number Answered
Your Score History
You have not taken this quiz